Drug and specialty formulas : a selected collection of tested, modern and practical formulas for medicinal, household, industrial, commercial, veterinary, cosmetic and food specialties /

Kaydedildi:
Detaylı Bibliyografya
Yazar: Belanger, Emil J. (autor)
Materyal Türü: Kitap
Dil:İngilizce
Baskı/Yayın Bilgisi: Nueva York, EUA : Chemical Publishing, 1941, c1941
Konular:
Etiketler: Etiketle
Etiket eklenmemiş, İlk siz ekleyin!

MARC

LEADER 00000nam^a2200000^a^4500
001 000093602
005 20250521000000.0
009 20260310092805.209
037 |a Acervo ITESO - Biblioteca 
041 |a ING 
082 |a 660.  |b BEL 
100 |a Belanger, Emil J.  |e (autor) 
245 1 0 |a Drug and specialty formulas :  |b a selected collection of tested, modern and practical formulas for medicinal, household, industrial, commercial, veterinary, cosmetic and food specialties /  |c E.J. Belanger. 
264 4 |a Nueva York, EUA :  |b Chemical Publishing,  |c 1941, c1941 
300 |a 307 p. 
336 |a texto  |b txt  |2 rdacontenido 
337 |a sin mediación  |b n  |2 rdamedio 
338 |a volumen  |b nc  |2 rdasoporte 
649 |a XX 
650 |a Formularios 
650 |a Industria Química 
650 |a Ingeniería Química -  |x Fórmulas, Recetas 
650 |a Drogas 
650 |a Industria Farmacéutica 
650 |a Industria Alimenticia 
650 |a Cosméticos -  |x Industria y Comercio 
910 |a Fondo General 
920 |a Impresos - Libros 
930 |a Colección General 
905 |a 101 
901 |a 0500029225  |b IT1  |c ACC  |u 20250521 
902 |a https://opac.biblio.iteso.mx/vufind/Record/000093602